[Event "10th Norway Chess 2022"]
[White "Anand,Viswanathan"]
[Black "Carlsen,Magnus"]
[Site "Stavanger"]
[Round "5.2"]
[Annotator "TA"]
[Result "1-0"]
[Date "2022.06.05"]
[WhiteElo "2751"]
[BlackElo "2864"]
[PlyCount "99"]

{[%evp 9,99,20,28,18,14,14,25,8,18,18,19,20,18,8,12,8,23,0,-5,-2,4,0,15,0,17,0,43,0,0,0,11,0,0,0,50,-27,-14,-18,-12,-55,-60,-52,-27,-73,-84,-88,-53,-27,-52,-32,0,0,8,7,26,33,25,41,33,0,0,-86,-79,-122,204,193,200,188,177,0,0,0,47,25,33,0,107,35,108,97,506,447,491,497,436,456,413,410,411,239,12837,12838]} 1. e4 e5 {[%emt 0:0:9]} 2. Nf3 {[%emt 0:0:1]} Nc6 {[%emt 0:0:2]} 3. Bc4 {[%emt 0:0:0]} Nf6 {[%emt 0:0:2]} 4. d3 {[%emt 0:0:1]} Bc5 {[%emt 0:0:7]} 5. Bg5 {[%emt 0:0:2]} Be7 {[%emt 0:0:7]} 6. Nc3 {[%emt 0:0:6] C50: Hungarian
Defence and Giuoco Pianissimo.} d6 {[%emt 0:0:9]} 7. a4 $5 {[%emt 0:0:4][%cal Ya2a4,Ya4a5]
 An interesting side line.} O-O {[%emt 0:0:8] [#]} 8. a5 $146 {[%emt 0:0:8] White has an edge.} ({Predecessor:} 8. h3 Be6 9. Bxf6 Bxf6 10. Bxe6 fxe6 11. Ne2 Qd7 12. c3 Rf7 13. h4 Raf8 14. b4 {0-1 (45)
Antipov,M (2611)-Karjakin,S (2752) Moscow 2020} )Bg4 {[%emt 0:0:6]} 9. h3 {[%emt 0:0:24]} Bxf3 {[%emt 0:0:2]} 10. Qxf3 {[%emt 0:0:3]} Nd4 {[%emt 0:0:2][%csl Yc2,Yf3]
} 11. Qd1 {[%emt 0:0:2]} c6 {[%emt 0:0:2]} 12. O-O {[%emt 0:0:11]} b5 {[%emt 0:0:8]} 13. Ba2 {[%emt 0:0:8]} (13. axb6 $5 axb6 14. Rxa8 Qxa8 15. Ne2 $11 )Ne6 {[%emt 0:0:35]} 14. Be3 {[%emt 0:0:0]} a6 {[%emt 0:0:2]} 15. Qf3 {[%emt 0:0:13]} Qd7 {[%emt 0:0:45]} 16. Ne2 {[%emt 0:0:7]} d5 {[%emt 0:0:4]} 17. c3 {[%emt 0:0:12]} Bc5 {[%emt 0:0:0]} 18. exd5 {[%emt 0:0:22]} cxd5 {[%emt 0:0:2]} 19. Bxc5 {[%emt 0:0:0]} Nxc5 {[%emt 0:0:2]} 20. d4 e4 {[%emt 0:0:2]} 21. Qe3 {[%emt 0:0:42]} Nd3 {[%emt 0:0:4]} (21... Nb7 $11 )22. Qd2 {[%emt 0:0:3]} ({White should
play} 22. Rab1 $14 )Rae8 {[%emt 0:0:41][%cal Yd3f2]} 23. f3 {[%emt 0:0:0] [#]} Nf2 $1 {[%emt 0:0:2]} 24. fxe4 {[%emt 0:0:6]} ({But not} 24. Rxf2 e3 25. Qe1 exf2+ 26. Qxf2 Re7 $17 )(24. Qe3 exf3 )N2xe4 {[%emt 0:0:22]} (24... N6xe4 $2 25. Qe3 $18 )25. Qd3 {[%emt 0:0:7]} Qd6 {[%emt 0:0:10]} 26. Rf3 {[%emt 0:0:10]} (26. Rad1 $11 )g6 {[%emt 0:0:16]} 27. Raf1 {[%emt 0:0:10]
} Nh5 {[%emt 0:0:2]} 28. g4 {[%emt 0:0:22]} Nhf6 {[%emt 0:0:0]} 29. Nf4 {[%emt 0:0:10]} Ng5 {[%emt 0:0:8] Pair of Knights!} 30. R3f2 $1 {[%emt 0:0:6]} Nge4 {[%emt 0:0:9]} 31. Rg2 {[%emt 0:0:6] aiming for g5.} h6 {[%emt 0:0:18]} (31... g5 $5 {[%cal Rg5f4]} 32. Ne2 Re6 $11 )32. h4 {[%emt 0:0:19]
} g5 {[%emt 0:0:1]} 33. hxg5 {[%emt 0:0:13]} hxg5 {[%emt 0:0:0]} 34. Nh3 {[%emt 0:0:4] Rf5 is the strong threat.} (34. Qh3 $5 Kg7 35. Nh5+ Nxh5 36. gxh5 $14 )Kg7 {[%emt 0:0:2]} 35. Rf5 {[%emt 0:0:8]} (35. Qe3 $11 )Rh8 $17 {[%emt 0:0:8]} 36. Nxg5 {[%emt 0:0:9]} Rh4 $2 {[%emt 0:0:2]
 [#]} (36... Nxg5 $17 {stays on course.} 37. Rxg5+ Kf8 )37. Bxd5 $1 $18 {[%emt 0:0:31] Really sharp!} Nxg5 {[%emt 0:0:26]
} 38. Rxg5+ {[%emt 0:0:8]} Kf8 {[%emt 0:0:5]} 39. Bf3 $2 {[%emt 0:1:28]} (39. Qg3 $18 Qxg3 40. Rxg3 )Qf4 {[%emt 0:0:17]} 40. Re5 $1 {[%emt 0:0:0]} Rxe5 {[%emt 0:0:10]} (40... Rh3 $11 {was preferrable.} 41. Rxe8+ Nxe8 )41. dxe5 $14 {[%emt 0:0:1]} Qxe5 {[%emt 0:0:1] ( -> ...Qe1+)} 42. Kf2 $40 {[%emt 0:0:27]
 Inhibits Qe1+. White is up to no good.} Rh3 {[%emt 0:0:0]} (42... Rh1 $1 $11 {keeps the balance.} 43. Qd2 Kg8 )43. g5 {[%emt 0:0:0]} (43. Qd4 $16 Qg5 44. Qe3 Qh4+ 45. Ke2 (45. Kf1 Rh1+ 46. Rg1 Qh3+ 47. Ke2 Rh2+ 48. Kd1 Qh7 $11 ))Nh5 {[%emt 0:0:1]} (43... Rh1 $1 $14 44. Qd2 (44. Qe2 $2 Qc5+ 45. Qe3 Rf1+ 46. Kxf1 Qxe3 $19 )Ne4+ 45. Bxe4 Qxe4 46. Qd8+ Kg7 47. Qd4+ Qxd4+ 48. cxd4 Ra1 )44. g6 {[%emt 0:0:11] Strongly
threatening Qd8+.} fxg6 $2 {[%emt 0:0:2]} (44... Qc5+ $16 {
is more resistant.} 45. Qd4 Qxd4+ 46. cxd4 Nf4 )45. Qd8+ $18 {[%emt 0:0:6]} Qe8 {[%emt 0:0:4]} 46. Qxe8+ {[%emt 0:0:3]} Kxe8 {[%emt 0:0:1]} 47. Rxg6 Nf4 48. Rxa6 {[%emt 0:0:4] And now Ra8+ would win.} Nd3+ 49. Ke3 {[%emt 0:0:0]} (49. Ke2 $142 Nf4+ 50. Ke3 Nd5+ 51. Ke4 )Ne5 {[%emt 0:0:4]} (49... Nxb2 50. Ra7 Nc4+ 51. Kf4 Rh6 )50. Re6+ {[%emt 0:0:1] Weighted Error Value:
White=0.24 (precise) /Black=0.41} 1-0

[Event "10th Norway Chess 2022"]
[White "Vachier-Lagrave,Maxime"]
[Black "Topalov,Veselin"]
[Site "Stavanger"]
[Round "5.2"]
[Annotator "TA"]
[Result "1-0"]
[Date "2022.06.05"]
[WhiteElo "2750"]
[BlackElo "2730"]
[PlyCount "105"]

{[%evp 15,105,11,18,12,12,12,12,5,11,0,0,0,0,0,0,0,0,0,0,0,2,8,6,7,114,101,109,103,112,111,118,118,118,114,117,115,171,167,193,135,175,182,177,176,197,185,195,191,201,187,195,184,181,176,177,177,166,175,157,168,317,332,296,329,315,329,344,332,331,325,307,314,299,311,312,300,308,281,286,295,259,180,374,356,443,448,472,476,457,433,656,646]} 1. e4 {[%emt 0:15:10]} e5 {[%emt 0:0:3]} 2. Nf3 {[%emt 0:0:2]} Nc6 {[%emt 0:0:2]} 3. Bb5 {[%emt 0:0:2]} Nf6 {[%emt 0:0:0]} 4. O-O {[%emt 0:0:2]} Nxe4 {[%emt 0:0:2]} 5. Re1 Nd6 {[%emt 0:0:0]} 6. Nxe5 {[%emt 0:0:2]} Be7 {[%emt 0:0:1]} 7. Bf1 {[%emt 0:0:2]} Nxe5 {[%emt 0:0:3]} 8. Rxe5 {[%emt 0:0:3]} O-O {[%emt 0:0:2]} 9. Nc3 {[%emt 0:0:0] C67: Ruy Lopez: Berlin Defence: 4 0-0 Nxe4.} Ne8 {[%emt 0:0:14]} 10. d4 {[%emt 0:0:3]} Bf6 {[%emt 0:0:7]} 11. Re1 {[%emt 0:0:2] The position is
equal.} d5 $1 {[%emt 0:0:2]} 12. b3 $5 {[%emt 0:0:11] Leaves
trodden paths.} c6 {[%emt 0:0:8]} 13. Ba3 {[%emt 0:0:2]} Nd6 {[%emt 0:0:0]} 14. Qf3 $36 {[%emt 0:0:2] White fights for an advantage.} Be6 {[%emt 0:0:4]} 15. Qf4 {[%emt 0:0:13]} Be7 {[%emt 0:0:2]} 16. Bd3 {[%emt 0:0:40]
 [#]} g6 $146 {[%emt 0:0:7]} ({Predecessor:} 16... Ne8 17. Bxe7 Qxe7 18. Re5 g6 19. Rae1 Ng7 20. Ne2 Rae8 21. Ng3 Qd6 22. Qf6 Qd8 23. Qxd8 Rxd8 {½-½ (50) Vachier Lagrave,M (2751)-So,W (2772) Saint Louis 2021} )17. h4 {[%emt 0:0:14][%cal Yh4h5]
} Ne8 {[%emt 0:0:7]} 18. Bxe7 {[%emt 0:0:2]} Qxe7 {[%emt 0:0:1]} 19. h5 {[%emt 0:0:1]} Qf6 {[%emt 0:0:5] [#]} (19... Nf6 $11 {keeps the balance.} )20. Qxf6 $1 $16 {[%emt 0:0:2] White stays focused
until the end.} Nxf6 {[%emt 0:0:1]} 21. hxg6 {[%emt 0:0:1]} hxg6 {[%emt 0:0:0] [#]} 22. Bxg6 $1 {[%emt 0:0:1]} Kg7 {[%emt 0:1:3]} (22... fxg6 23. Rxe6 )23. Bd3 {[%emt 0:0:2]} Rh8 24. f3 {[%emt 0:0:3]} Rh4 {[%emt 0:0:2]
} 25. Ne2 {[%emt 0:0:1]} Ne8 {[%emt 0:0:5]} (25... Rah8 $16 26. c3 Kf8 )26. Kf2 {[%emt 0:0:7]} Nd6 {[%emt 0:0:1]} 27. Rh1 {[%emt 0:0:0]} (27. g4 $18 )Rah8 {[%emt 0:0:3]} 28. Rxh4 {[%emt 0:0:2]} Rxh4 {[%emt 0:0:1]
} 29. g4 {[%emt 0:0:2] Against Bf5} b6 {[%emt 0:0:19]} 30. Kg3 {[%emt 0:0:7]} Rh8 31. Nf4 {[%emt 0:0:10]} Bd7 {[%emt 0:0:33]} 32. Re1 {[%emt 0:0:42]
} Kf8 {[%emt 0:0:2]} 33. c4 {[%emt 0:0:15]} dxc4 {[%emt 0:0:0]} 34. bxc4 {[%emt 0:0:1]} Rg8 {[%emt 0:0:5]} 35. c5 {[%emt 0:0:8]} bxc5 {[%emt 0:0:10]} 36. dxc5 {[%emt 0:0:2]} Nb7 37. Re5 {[%emt 0:0:11]
0x0.0022f96a116ddp-1022s more active pieces.} f6 {[%emt 0:0:43]} (37... Rh8 $142 38. Ba6 Nd8 )38. Rh5 $18 {[%emt 0:0:3]} Rg5 {[%emt 0:0:11]} 39. Rh8+ {[%emt 0:0:13]
} Rg8 {[%emt 0:0:12]} 40. Rh6 {[%emt 0:0:31]} Ke7 {[%emt 0:0:0]} 41. Bc4 {[%emt 0:0:22]} Re8 {[%emt 0:0:18]} 42. Rh7+ {[%emt 0:0:30]} Kd8 {[%emt 0:0:4]} 43. Rf7 {[%emt 0:0:2]} Nxc5 {[%emt 0:0:5]} 44. Rxf6 {[%emt 0:0:2]
} Re3 {[%emt 0:0:5]} 45. Kf2 {[%emt 0:0:49]} Rc3 {[%emt 0:0:0]} 46. Bg8 {[%emt 0:0:1]} Rc2+ {[%emt 0:0:26]} 47. Kg3 {[%emt 0:0:4]} Rc3 {[%emt 0:0:1] ...Ne4+ is the strong threat.} 48. Bh7 {[%emt 0:0:5]
Prevents Ne4+. Strongly threatening g5.} Ra3 $2 {[%emt 0:0:8]} (48... Ke7 49. g5 Rc1 50. Ng6+ Kd8 )49. g5 {[%emt 0:0:4][%cal Yg4g5,Yg5g6]} a5 {[%emt 0:0:3]
} 50. Bb1 {[%emt 0:0:6] aiming for g6. White is clearly
winning.} Ke7 {[%emt 0:0:8]} 51. Ng6+ {[%emt 0:0:1]} Kd8 {[%emt 0:0:2]} 52. Ne5 {[%emt 0:0:14] Hoping for g6.} Be8 {[%emt 0:0:2]} (52... Ke7 $142 53. Rf7+ Ke6 )53. g6 {[%emt 0:0:18] Weighted Error Value: White=0.05 
(flawless) /Black=0.25 (precise)} 1-0